Tilastot visalle Tanskan suurimmat kaupungit

Klikkaa tästä pelataksesi tätä visaa!

Yleistilastot

  • Tätä visaa on pelattu 157 kertaa
  • Keskiarvotulos 6 / 15

Vastaustilastot

VäkilukuKaupunki% Oikein
1 330 993Kööpenhamina
97%
280 534Aarhus
75%
180 302Odense
70%
117 351Aalborg
66%
51 262Roskilde
37%
72 037Esbjerg
36%
47 461Helsingør
34%
61 121Kolding
30%
57 655Vejle
29%
59 449Horsens
28%
62 482Randers
27%
50 332Herning
24%
46 923Silkeborg
22%
43 803Næstved
16%
47 499Hørsholm
12%

Tulosjakauma

Persentiili vastausten määrän mukaan

Jokaisen tuloksen saaneiden osuus

Tuloshistoriasi

Et ole pelannut tätä visaa